000 00594nam a2200181Ia 4500
003 GCL
008 140319s9999 xx 000 0 ara d
040 _aGCL /
_cGCL
082 0 4 _a239.7
_bو ا
100 1 _aوداد سكاكينى
245 1 0 _aامهات المؤمنين وبنات الرسول صلى الله عليه وسلم /
_cوداد سكاكينى
260 _a[S.N] :
_bدار الفكر العربى ،
_c1992
300 _a147 ص
490 _a
650 0 4 _aبنات النبى(ص)
650 0 4 _aزوجات النبى صلى الله عليه وسلم
942 _2ddc
_cBK
999 _c31245
_d31245